000 00687nam a2200229 a 4500
001 000032623
003 DO-SdBNP
005 20240307073942.0
007 ta
008 110719e2014 dr ad frp 001 0 spa d
020 _a9789945472387
040 _aDO-SdBNP
_bspa
_cBNPHU
082 4 _bSb64f
_222
100 1 _aSbriz, Luciano
_958523
245 1 0 _aFísica II :
_bprácticas de laboratorio /
_cLuciano Sbriz.
260 _aSanto Domingo :
_bInstituto Tecnologico de Santo Domingo,
_c2014
300 _a103 p. :
_bil. ;
_c28 cm.
650 4 _910331
_aFísica
_vManuales de Laboratorio
710 2 _aInstituto Tecnológico de Santo Domingo
_978911
910 _aMFeliz
942 _2ddc
_cLBS1
999 _c32114
_d32114